000 01492cam a2200133 4500500
005 20251214001521.0
041 _afre
042 _adc
100 1 0 _aDross, Juliette
_eauthor
245 0 0 _aL'art rhétorique : Petit manuel pour un usage éclairé de la parole
260 _bArmand Colin,
_c2023.
520 _aLa rhétorique est un art, au sens antique du terme, c’est-à-dire une technique, un savoir-faire comprenant une théorie et une pratique. Elle confère la capacité de maîtriser son discours, dans quelque situation que ce soit, mais aussi celle de décrypter les discours d’autrui. En ce sens, elle est à la fois une compétence transversale indispensable et un puissant outil de développement de l’esprit critique. L’enjeu de ce livre est d’expliquer le système rhétorique pour permettre à chacun de faire un usage éclairé de la parole et de devenir à la fois un bon orateur, un débatteur ouvert à la contradiction et un auditeur vigilant. Reposant sur une articulation constante entre la théorie et la pratique grâce à de nombreuses analyses de discours et suggestions d’exercices, ce livre s’adresse à un large public. Dans le contexte actuel des débats sur la place de l’oral dans le système éducatif français, il contribue également à la réflexion sur le statut de la parole et de son apprentissage dans notre société.
856 4 1 _uhttps://shs.cairn.info/l-art-rhetorique--9782200635183?lang=fr&redirect-ssocas=7080
999 _c1566270
_d1566270